Torts : Compensation for harm
Explains, analyses and evaluates the principles of torts law. It also explores a rational for torts law reform. Authors from Deakin University, Australia.
Na minha lista:
| Autor principal: | |
|---|---|
| Formato: | Livro |
| Idioma: | Undetermined |
| Publicado em: |
South Yarra, Vic.
Palgrave Macmillan
2011
|
| Assuntos: | |
| Tags: |
Adicionar Tag
Sem tags, seja o primeiro a adicionar uma tag!
|
| Thư viện lưu trữ: | Trung tâm Học liệu Trường Đại học Cần Thơ |
|---|
| LEADER | 00744nam a2200217Ia 4500 | ||
|---|---|---|---|
| 001 | CTU_229624 | ||
| 008 | 210402s9999 xx 000 0 und d | ||
| 082 | |a 346.9403 | ||
| 082 | |b B144 | ||
| 100 | |a Bagaric, Mirko | ||
| 245 | 0 | |a Torts : | |
| 245 | 0 | |b Compensation for harm | |
| 245 | 0 | |c Mirko Bagaric, Peter Faris, Rachel Carter | |
| 260 | |a South Yarra, Vic. | ||
| 260 | |b Palgrave Macmillan | ||
| 260 | |c 2011 | ||
| 520 | |a Explains, analyses and evaluates the principles of torts law. It also explores a rational for torts law reform. Authors from Deakin University, Australia. | ||
| 650 | |a Vi phạm pháp luật,Torts | ||
| 650 | |z Úc,Australia | ||
| 910 | |b nthai | ||
| 980 | |a Trung tâm Học liệu Trường Đại học Cần Thơ | ||